L'analyse de discours. Sa place dans les sciences du langage et de la communication
Furkejuvvon:
| Váldodahkki: | |
|---|---|
| Materiálatiipa: | Girji |
| Giella: | fránskkagiella |
| Almmustuhtton: |
Rennes, France.
Presses Universitaires de Rennes,
2015
|
| Ráidu: | Rivages Linguistiques
|
| Fáttát: | |
| Fáddágilkorat: |
Lasit fáddágilkoriid
Eai fáddágilkorat, Lasit vuosttaš fáddágilkora!
|
MARC
| LEADER | 00000cam a2200000 a 4500 | ||
|---|---|---|---|
| 001 | UCC9506 | ||
| 003 | CL-VaPUC | ||
| 005 | 20231128114028.0 | ||
| 008 | 191004e20150000fr |||||||||||||||||fre|d | ||
| 999 | |c 375686 |d 375684 | ||
| 020 | |a 9782753542815 | ||
| 040 | |c Pontificia Universidad Católica de Valparaíso | ||
| 082 | 0 | 4 | |a 401.41 SOU 2015 |2 21 |
| 100 | 0 | |a Soulages, Jean-Claude |e author |9 604617 | |
| 245 | 1 | 2 | |a L'analyse de discours. |b Sa place dans les sciences du langage et de la communication |
| 260 | |a Rennes, France. |b Presses Universitaires de Rennes, |c 2015 | ||
| 300 | |a 151 páginas | ||
| 490 | 0 | |a Rivages Linguistiques | |
| 583 | |a last modification |c 20191004 13:59:00 |k Rodrigo Vera | ||
| 650 | 0 | |a Análisis del discurso |9 256696 | |
| 650 | 0 | |a Argumentación |9 257103 | |
| 650 | 0 | |a Filosofía del lenguaje |9 257082 | |
| 650 | 0 | |a Investigación lingüística |9 329785 | |
| 852 | |a BIBCUR | ||
| 942 | |c BK |2 ddc | ||
| 945 | |d 20191004 13:59:00 |a cmena | ||
| 952 | |0 0 |1 0 |2 ddc |3 erb |4 0 |6 401_410000000000000_SOU_2015 |7 0 |8 A |9 494697 |a BIBEDU |b BIBEDU |d 2019-09-17 |e 1 |g 25867.00 |i 5562058 |o 401.41 SOU 2015 |p 5562058 |r 2019-11-24 |v 25867.00 |w 2019-11-24 |y BK |z Catalogado en:20191004 |k LIT | ||